Statystyki dla Quiz Logo na B

Kliknij tutaj aby rozwiązać quiz!

Ogólne statystyki

  • Ten quiz został rozwiązany 32 razy
  • Średni wynik to 9 z 20

Statystyki odpowiedzi

Odpowiedź% Poprawnych
BMW
100%
Burger King
100%
Barbie
93%
BP
93%
Bentley
86%
Bic
82%
BBC
79%
Bayer
75%
Bacardi
50%
Bridgestone
29%
Barclays
18%
Beats By Dre
18%
Blockbuster
14%
Best Buy
11%
Big Boy
11%
Ben & Jerry's
7%
Burberry
7%
Bass Pro Shops
4%
Baski-Robbins
0%
Boeing
0%

Rozkład punktacji

Percentyl według liczby udzielonych odpowiedzi

Procent ludzi z każdym wynikiem

Twoja historia wyników

Nie rozwiązałeś tego quizu